LDR 00904nam a2200229 i 4500 001 000000017644 003 CaOOAMICUS 005 20260423164228.0 008 180830s1926 it u000 u ita u 040 $aSeMil$bita 100 1 $aJacini, Stefano,$d<1886-1952>.$0(OLS)http://semarc/name/7400 245 13$aUn conservatore rurale della nuova Italia /$cStefano Jacini. 264 1$aBari :$bLaterza & Figli,$c1926. 300 $a2 v. ;$c21 cm. 490 1 $aBiblioteca di cultura moderna 650 4$aItalia - Storia - Sec. 19.$0(OLS)http://semarc/subject/238 774 0 $tVolume 1.$w()74002 774 0 $tVolume 2.$w()160849 830 0$aBiblioteca di cultura moderna.$0(OLS)http://semarc/title/639 996 $6245$aUn conservatore rurale della nuova Italia$9(OLS)http://semarc/title/23298 996 $6264$aBari :$bLaterza & Figli$9(OLS)http://semarc/publisher/29663